| 000 | 00986cam a2200289 4500 | ||
|---|---|---|---|
| 001 | 11333 | ||
| 003 | BD-RjUL | ||
| 005 | 20211208235116.0 | ||
| 008 | 140126s1951 e b 001 0 eng d | ||
| 020 | _a083712090X | ||
| 035 | _a(BD-RjUL)11382 | ||
| 040 |
_aDLC _cDLC _dDLC _dBD-RjUL _beng |
||
| 041 | _aeng | ||
| 082 | 0 | 0 |
_a157.7 _bEIM 1951 |
| 100 | 1 |
_aEisler, Robert, _d1882-1949. _935042 |
|
| 245 | 1 | 0 |
_aMan into wolf: _ban anthropological interpretation of sadism, masochism, and lycanthropy; a lecture delivered at a meeting of the Royal Society of Medicine. _cWith an introd. by David K. Henderson. |
| 260 |
_aLondon: _bBroadway House, _c 1951 |
||
| 300 |
_a286 p. ; _c22 cm. |
||
| 504 | _aBibliographical references included in "Notes" (p. 53-245) | ||
| 650 | 0 |
_aPain _xPsychological aspects. _935043 |
|
| 650 | 0 |
_aSadism. _935044 |
|
| 650 | 0 |
_aMasochism. _935045 |
|
| 650 | 0 |
_aWerewolves. _935046 |
|
| 942 |
_2ddc _cBK |
||
| 999 |
_c11333 _d11333 |
||